000 01027nam a2200265 a 4500
001 BRCA_8464
005 20190320210308.0
008 151215s1969----sp-a######---#000-0#spa-#
041 _aspa
044 _asp
050 4 _aPQ6323
_b.C47 1969
100 1 _aCervantes Saavedra, Miguel de
_d1547-1616
_9213
245 1 0 _aEl Ingenioso Hidalgo Don Quijote de la Mancha
_cMiguel de Cervantes Saavedra ; con ilustraciones de Gerhart Kraaz ; notas aclaratorias José María Castro Calvo.
260 _aBarcelona
_bCírculo de lectores
_c1969
300 _a862 p.
_bil.
_c24 cm.
500 _aLibro donado por la Sra. Alicia Díaz Vargas, 14-Dic.-2015
650 1 4 _aNovela española
_yÉpoca clásica, 1500-1700
_9215
650 1 4 _aLiteratura española
_yÉpoca clásica, 1500-1700
_9216
650 1 4 _aNovela española
_ySiglo XVII
_9217
650 1 4 _aDon Quijote (Personaje ficticio)
_xNovela
_921194
700 1 _aKraaz, Gerhart
_eIlustrador
_921195
700 1 _aCastro Calvo, José María
_921196
902 _aQAG
942 _2lcc
_cB
999 _c8131
_d8131